Medizinische Wortbestandteile Quiz - Statistiken

Allgemein
  • Dieses Quiz wurde 150 mal gespielt
  • Das Durchschnittsergebnis liegt bei 4 aus 21
Antwortstatistiken
Hint Antwort % Korrekt
-itis Entzündung
90%
häm(o)- Blut
68%
-om Tumor/Geschwulst
50%
-plegie Lähmung
47%
-penie Mangel
30%
-pnoe Atmung
23%
-algie Schmerz
23%
-spasmus Krampf
22%
-karzinom Bösartiger Tumor (epithelialer Ursprung)
13%
-sarkom Bösartiger Tumor (mesenchymaler Ursprung)
13%
-rrhagie Starke Blutung
9%
-thrombose Blutgerinnselbildung
8%
-trophie Wachstum/Ernährung
8%
-stase Stillstand, Stauung
6%
-dipsie Durst
4%
-ose Degenerative Erkrankung
3%
-pares(e) Unvollständige Lähmung
2%
-plegie Vollständige Lähmung
2%
-krin Absonderung
1%
-kinesie Bewegungsstörung
1%
-ämie Blutkrankheit
1%
Keine übereinstimmenden Quizze gefunden
Verteilung der Resultate
Anzahl Personen mit jedem Resultat
Perzentil nach korrekt beantworteten Fragen
Ihre Resultats-Entwicklung
Sie haben dieses Quiz noch nicht gespielt